| 000 | 00621nam a22001937a 4500 | ||
|---|---|---|---|
| 999 |
_c9021 _d9021 |
||
| 003 | AR-CdUCM | ||
| 008 | 190327b ||||| |||| 00| 0 spa d | ||
| 020 | _a9788483747131 | ||
| 040 |
_aMUNICIPALIDAD PROVINCIAL DEL CUSCO _cBIBLIOTECA MUNICIPAL DEL CUSCO |
||
| 082 |
_a869.56 / _bP78 |
||
| 100 |
_aPortocarrero, Elena _912206 |
||
| 245 |
_aOficial de la guardia imperial desterrado busca el cielo para sus hijos : _by otros escritos / |
||
| 260 |
_aEspaña : _bHuerga Fierro, _c2008. |
||
| 300 |
_a156 páginas ; _c22 cm. |
||
| 650 |
_aLiteratura. _983 |
||
| 650 |
_aCuentos. _9217 |
||
| 942 |
_2ddc _cLIBROS |
||
| 945 | _awfj | ||